| 000 | 00403nam a22000857a 4500 | ||
|---|---|---|---|
| 008 | 110914t ag ||||| |||| 00| 0 spa d | ||
| 245 | _aDiagnóstico de situación, Bases para el Plan Provincial de Salud Materno Infantil, Área Materno Infantil | ||
| 260 |
_aNeuquén _bSubsecretaría de Salud; Ministerio de Desarrollo Social _c2000 |
||
| 999 |
_c977 _d977 |
||
| 952 |
_zFotocopia _70 _pTR026 _cCR _40 _00 _2ddc _92700 _bBFM _yBK _10 _d2011-09-14 _aBFM |
||